Music Quiz

Random Music or Kpop Quiz

How Well Do You Know KNK Quiz Stats

 Plays Quiz not verified by Sporcle

Challenge
Share
Tweet
Embed
Score 0/18 Timer 20:00
0 Plays Today
Hint Answer % Correct
Main Rapper, Vocal, VisualPark Seungjun
96.8%
Main VocalJung Inseong
96.5%
Leader, Main Dancer, VocalKim Jihun
96.2%
Main VocalKim Youjin
95.6%
Lead Rapper, Vocal, MaknaeOh Heejun
95.6%
FandomTinkerbell
95%
Which Member Trained At JYPSeungjun
91.8%
Which Member Trained At Big Hit With SeungjunInseong
91.8%
Which Member Trained At Nega NetworkJihun
90.9%
Hint Answer % Correct
Which Member Trained At FNC With InseongHeejun
90.9%
Which Member Trained With B.A.PYoujin
90.6%
What Was KNK's Debut AlbumKnock
90.3%
CompanyYNB Entertainment
76.5%
What Was KNK's First Mini AlbumAwake
71%
What Was KNK's Second Mini AlbumRemain
71%
What Was KNK's Second Single AlbumGravity
54.3%
What Was KNK's First Digital SingleI Remember
32%
Debut DateFebruary 29, 2016
22.3%

You're not logged in!

Compare scores with friends on all Sporcle quizzes.
Join for Free
OR
Log In

You Might Also Like...

Show Comments

Extras

Created Mar 19, 2017ReportNominate
Tags:Kpop Quiz, KNK, Kpop Quiz

Top Quizzes Today


Score Distribution

Your Account Isn't Verified!

In order to create a playlist on Sporcle, you need to verify the email address you used during registration. Go to your Sporcle Settings to finish the process.

Report this User

Report this user for behavior that violates our Community Guidelines.

Details: